000 00914cam a2200289 i 4500
001 3724770
003 ARRUPE
005 20160223111329.0
008 800318s1979 enk b 001 0 eng
010 _a 80458730
015 _aGB79-26883
020 _a0236401599 :
_c£7.95
040 _aDLC
_cDLC
_dDLC
050 0 0 _aB3216.D84
_bR52 1979
082 0 0 _a193
100 1 _aRickman, Hans. Peter
_q(Hans Peter)
_922395
245 0 0 _aWilhelm Dilthey :
_bpioneer of the human studies /
_c[by] H. P. Rickman.
260 _aBerkeley
_bUniversity of California Press
_c1979.
300 _aviii, 197 p. ;
_c22 cm.
500 _aIncludes indexes.
504 _aBibliography: 181-183.
600 1 0 _aDilthey, Wilhelm,
_d1833-1911.
_920225
650 0 _aHumanities
_xMethodology.
_922396
650 0 _aHistory
_xPhilosophy.
_922397
906 _a7
_bcbc
_corignew
_d4
_encip
_f19
_gy-gencatlg
942 _2lcc
_cMONOGRAPH
999 _c124206
_d124206